Music Quiz

Random Music or Missing Word Quiz

Missing Word: Hot Tub Time Machine Soundtrack Quiz Stats

 Plays Quiz not verified by Sporcle

Challenge
Share
Tweet
Embed
Score 0/16 Timer 03:00
0 Plays Today
Song Missing Word % Correct
(I Just) Died In Your ____Arms
98.3%
I Want To ____ What Love IsKnow
93.3%
____ Dirty To MeTalk
86%
____ In A LifetimeOnce
84.4%
____ It For LaterSave
76%
____ WhisperCareless
75.4%
Keep Your ____ On The MoneyEye
74.9%
Kickstart My ____Heart
73.2%
Song Missing Word % Correct
____ Sweet ____Home
57%
Bizarre Love ____Triangle
52.5%
Let's Get It ____Started
44.1%
What You ____Need
43%
Push ____It
42.5%
Louder Than A ____Bomb
27.4%
Bring On The Dancing ____Horses
18.4%
____ LoveModern
11.7%

You're not logged in!

Compare scores with friends on all Sporcle quizzes.
Join for Free
OR
Log In

You Might Also Like...

Show Comments

Extras

Top Quizzes Today


Score Distribution

Your Account Isn't Verified!

In order to create a playlist on Sporcle, you need to verify the email address you used during registration. Go to your Sporcle Settings to finish the process.

Report this User

Report this user for behavior that violates our Community Guidelines.

Details: